Perspectivas : (Record no. 13803)
[ view plain ]
| 000 -CABECERA | |
|---|---|
| campo de control de longitud fija | 02139nam a22004457a 4500 |
| 003 - IDENTIFICADOR DEL NÚMERO DE CONTROL | |
| campo de control | OSt |
| 005 - FECHA Y HORA DE LA ÚLTIMA TRANSACCIÓN | |
| campo de control | 20260530115321.0 |
| 008 - DATOS DE LONGITUD FIJA--INFORMACIÓN GENERAL | |
| campo de control de longitud fija | 260520b2017 mx a|||| |||| 00| 0 spa d |
| 020 ## - NÚMERO INTERNACIONAL ESTÁNDAR DEL LIBRO | |
| Número Internacional Estándar del Libro | 9786079489274 |
| 040 ## - FUENTE DE LA CATALOGACIÓN | |
| Centro catalogador/agencia de origen | ICI |
| Lengua de catalogación | spa |
| Centro/agencia transcriptor | ICI |
| Normas de descripción | rda |
| 050 ## - SIGNATURA TOPOGRÁFICA DE LA BIBLIOTECA DEL CONGRESO | |
| Número de clasificación | NA759.B55 |
| Número de documento/Ítem | A4 2018 |
| 100 12 - ENTRADA PRINCIPAL--NOMBRE DE PERSONA | |
| Nombre de persona | Bilbao, Tatiana, |
| Numeración | autor |
| Término indicativo de función/relación | autor |
| 9 (RLIN) | 34472 |
| 245 00 - MENCIÓN DE TÍTULO | |
| Título | Perspectivas : |
| Resto del título | Tatiana Bilbao Estudio / |
| Mención de responsabilidad, etc. | textos, Patrick Charpenel, Simon Hartmann, Raymund Ryan, Gonzalo Ortega ; fotografía, Iwan Baan, Moritz Bernoully, Jan Bitter, Nicolas Coeckbergs, Rodolfo Díaz (maqueta), Rory Gardiner, Jonathan Letoublon, Onnis Luque, Jaime Navarro, David Pascual, Sandra Pereznieto, Mauricio Salas, Tatiana Bilbao Estudio |
| 250 ## - MENCIÓN DE EDICIÓN | |
| Mención de edición | Primera edición |
| 264 ## - PRODUCCIÓN, PUBLICACIÓN, DISTRIBUCIÓN, FABRICACIÓN Y COPYRIGHT | |
| Producción, publicación, distribución, fabricación y copyright | Ciudad de México : |
| Nombre del de productor, editor, distribuidor, fabricante | Arquine, |
| Fecha de producción, publicación, distribución, fabricación o copyright | 2017 |
| 300 ## - DESCRIPCIÓN FÍSICA | |
| Extensión | 250 páginas : |
| Otras características físicas | ilustraciones (principalmente a color), planos |
| 336 ## - TIPO DE CONTENIDO | |
| Fuente | rdacontent |
| Término de tipo de contenido | texto |
| 337 ## - TIPO DE MEDIO | |
| Fuente | rdamedia |
| Nombre/término del tipo de medio | sin medio |
| 338 ## - TIPO DE SOPORTE | |
| Fuente | rdacarrier |
| Nombre/término del tipo de soporte | volumen |
| 500 ## - NOTA GENERAL | |
| Nota general | Publicada en ocasión de la exposición realizada en el Museo Amparo en Puebla, Mexico, del 12 de mayo al 20 de agosot de 2018 |
| 650 #4 - PUNTO DE ACCESO ADICIONAL DE MATERIA--TÉRMINO DE MATERIA | |
| Término de materia o nombre geográfico como elemento de entrada | Arquitectura |
| Subdivisión de forma | Exposiciones |
| Subdivisión general | Historia |
| Subdivisión cronológica | Siglo XXI |
| Subdivisión geográfica | México |
| 9 (RLIN) | 34473 |
| 650 #4 - PUNTO DE ACCESO ADICIONAL DE MATERIA--TÉRMINO DE MATERIA | |
| Término de materia o nombre geográfico como elemento de entrada | Arquitectura moderna |
| Subdivisión de forma | Exposiciones |
| Subdivisión cronológica | Siglo XXI |
| 9 (RLIN) | 34474 |
| 700 1# - PUNTO DE ACCESO ADICIONAL--NOMBRE DE PERSONA | |
| Nombre de persona | Charpenel, Patrick, |
| Fechas asociadas al nombre | 1967- |
| Término indicativo de función/relación | autor |
| 9 (RLIN) | 34475 |
| 700 1# - PUNTO DE ACCESO ADICIONAL--NOMBRE DE PERSONA | |
| Nombre de persona | Ryan, Raymund, |
| Término indicativo de función/relación | autor |
| 9 (RLIN) | 34476 |
| 700 1# - PUNTO DE ACCESO ADICIONAL--NOMBRE DE PERSONA | |
| Nombre de persona | Ortega, Gonzalo, |
| Fechas asociadas al nombre | 1974- |
| Término indicativo de función/relación | autor |
| 9 (RLIN) | 34477 |
| 700 1# - PUNTO DE ACCESO ADICIONAL--NOMBRE DE PERSONA | |
| Nombre de persona | Baan, Iwan, |
| Fechas asociadas al nombre | 1975- , |
| Término indicativo de función/relación | fotógrafo, |
| -- | ilustrador |
| 9 (RLIN) | 34478 |
| 700 1# - PUNTO DE ACCESO ADICIONAL--NOMBRE DE PERSONA | |
| Nombre de persona | Bernoully, Moritz, |
| Término indicativo de función/relación | fotográfo |
| 9 (RLIN) | 34479 |
| 700 1# - PUNTO DE ACCESO ADICIONAL--NOMBRE DE PERSONA | |
| Nombre de persona | Bitter, Jan, |
| Término indicativo de función/relación | fotográfo |
| 9 (RLIN) | 34480 |
| 700 1# - PUNTO DE ACCESO ADICIONAL--NOMBRE DE PERSONA | |
| Nombre de persona | Coeckbergs, Nicolas, |
| Término indicativo de función/relación | fotográfo |
| 9 (RLIN) | 34481 |
| 700 1# - PUNTO DE ACCESO ADICIONAL--NOMBRE DE PERSONA | |
| Nombre de persona | Díaz, Rodolfo, |
| Término indicativo de función/relación | fotógrafo |
| 9 (RLIN) | 34482 |
| 700 1# - PUNTO DE ACCESO ADICIONAL--NOMBRE DE PERSONA | |
| Nombre de persona | Gardiner, Rory, |
| Término indicativo de función/relación | fotógrafo |
| 9 (RLIN) | 34483 |
| 700 1# - PUNTO DE ACCESO ADICIONAL--NOMBRE DE PERSONA | |
| Nombre de persona | Letoublon, Jonathan, |
| Término indicativo de función/relación | fotográfo |
| 9 (RLIN) | 34484 |
| 700 1# - PUNTO DE ACCESO ADICIONAL--NOMBRE DE PERSONA | |
| Nombre de persona | Luque, Onnis, |
| Término indicativo de función/relación | fotógrafo |
| 9 (RLIN) | 34485 |
| 700 1# - PUNTO DE ACCESO ADICIONAL--NOMBRE DE PERSONA | |
| Nombre de persona | Navarre, Jaime, |
| Término indicativo de función/relación | fotógrafo |
| 9 (RLIN) | 34486 |
| 700 1# - PUNTO DE ACCESO ADICIONAL--NOMBRE DE PERSONA | |
| Nombre de persona | Pascual, David, |
| Término indicativo de función/relación | fotográfo |
| 9 (RLIN) | 34487 |
| 700 1# - PUNTO DE ACCESO ADICIONAL--NOMBRE DE PERSONA | |
| Nombre de persona | Pereznieto, Sandra, |
| Término indicativo de función/relación | fotográfo |
| 9 (RLIN) | 34488 |
| 700 1# - PUNTO DE ACCESO ADICIONAL--NOMBRE DE PERSONA | |
| Nombre de persona | Salas, Mauricio, |
| Término indicativo de función/relación | fotográfo |
| 9 (RLIN) | 34489 |
| 710 2# - PUNTO DE ACCESO ADICIONAL--NOMBRE DE ENTIDAD CORPORATIVA | |
| Nombre de entidad corporativa o nombre de jurisdicción como elemento de entrada | Museo Amparo (Puebla, Mexico), |
| Término indicativo de función/relación | entidad patrocinadora |
| 9 (RLIN) | 74 |
| 942 ## - ELEMENTOS DE PUNTO DE ACCESO ADICIONAL (KOHA) | |
| Fuente del sistema de clasificación o colocación | Library of Congress Classification |
| Tipo de ítem Koha | |
| Suprimir en OPAC | 1 |
No items available.